NFL Receiving Leaders: New York Jets - Statistics

General Stats
  • This quiz has been taken 17 times
  • The average score is 3 of 10
Answer Stats
Rank Player Yards Years w/ Team % Correct
1 DonMaynard 11732 1960-1972
82%
3 WayneChrebet 7365 1995-2005
65%
4 AlToon 6605 1985-1992
59%
2 WesleyWalker 8306 1977-1989
41%
5 LaveranuesColes 5941 2000-2002;2005-2008
35%
6 GeorgeSauer 4965 1965-1970
12%
8 JeromeBarkum 4789 1972-1983
12%
9 JerrichoCotchery 4514 2004-2010
12%
7 MickeyShuler 4819 1978-1989
12%
10 RichCaster 4434 1970-1977
12%
No matching quizzes found
Score Distribution
Percent of People with Each Score
Percentile by Number Answered
Your Score History
You have not taken this quiz